|
|
|
|
| LEADER |
00000nab a2200000 4500 |
| 001 |
vtls008694048 |
| 003 |
SK-MaSNL |
| 005 |
20260304025331.0 |
| 008 |
140301 1958 xo p 000 0 slo |
| 015 |
|
|
|a SNBRRBDKK190120XX
|
| 035 |
|
|
|a CLAS02vtls000025780
|
| 040 |
|
|
|a SNKBUDKK
|b slo
|c SNKBUDKK
|e AACR2
|
| 041 |
0 |
|
|a slo
|
| 044 |
|
|
|a xo
|c SK
|
| 080 |
|
|
|a 06.064
|x (042.5)
|2 1997
|
| 080 |
|
|
|a 027
|2 1997
|
| 100 |
1 |
|
|a Bedrna, Karel
|4 aut
|9 1306949
|
| 245 |
1 |
0 |
|a Prejav námestníka ministra školstva a kultúry dr. Karola Bedrnu
|
| 500 |
|
|
|a Rubrika: Dokumenty
|
| 520 |
2 |
|
|a Prejav prednesený na otvorení výstavy Matica slovenská v minulosti a súčasnosti v Prahe 25.4.1958 porovnáva situáciu v kultúre v 2. polovici 19. storočia v Čechách a na Slovensku a uvádza okolnosti a význam založenia Matice slovenskej
|
| 610 |
2 |
7 |
|a Matica slovenská
|2 snkbudkk
|9 14662
|
| 773 |
0 |
|
|t Knižnica : časopis pre knižnú kultúru
|g Roč. 10, č. 4 (1958), s. 190-191
|
| 850 |
|
|
|a Slovenská národná knižnica v Martine
|
| 852 |
|
|
|a SNK
|b KIS3GCP
|
| 856 |
4 |
1 |
|u http://www.viks.sk/dkk/kniznica1958_190_191.doc
|y plný text
|
| 910 |
|
|
|a bdkk
|a memoriask
|
| 999 |
|
|
|c 2626721
|d 2628651
|